<The> space economy at a glance 2014
Salvato in:
| Natura: | Libro |
|---|---|
| Lingua: | inglese |
| Pubblicazione: |
Paris
OECD
2014
|
| Soggetti: | |
| Tags: |
Nessun Tag, puoi essere il primo ad aggiungerne!!
|
MARC
| LEADER | 00000nam a2200000 4500 | ||
|---|---|---|---|
| 001 | 0198000 | ||
| 005 | 20240315121257.1 | ||
| 020 | |a 978-92-64-21099-8 | ||
| 041 | 0 | |a eng | |
| 044 | |a FR | ||
| 245 | 1 | 0 | |a <The> space economy at a glance 2014 |
| 264 | 1 | |a Paris |b OECD |c 2014 | |
| 300 | |a 141 s. | ||
| 610 | 2 | 0 | |a veda |
| 610 | 2 | 0 | |a výskum kozmický |
| 610 | 2 | 0 | |a technológie nové |
| 610 | 2 | 0 | |a rozpočet štátny |
| 610 | 2 | 0 | |a kapitál ľudský |
| 610 | 2 | 0 | |a príjmy |
| 610 | 2 | 0 | |a priemysel letecký |
| 610 | 2 | 0 | |a satelity |
| 610 | 2 | 0 | |a telekomunikácie |
| 610 | 2 | 0 | |a počasie |
| 610 | 2 | 0 | |a monitoring |
| 610 | 2 | 0 | |a obchod medzinárodný |
| 610 | 2 | 0 | |a trh |
| 610 | 2 | 0 | |a porovnanie štatistické medzinárodné |